Pays Himalayens - Statistiques

Statistiques générales
  • Ce quiz a été pris 123 fois
  • Le résultat moyen est 6 sur 7
Statistiques - réponses
Pays % Correct
Chine
99%
Népal
99%
Inde
96%
Bhoutan
94%
Pakistan
91%
Afghanistan
84%
Birmanie
70%
Aucun quiz correspondant
Distribution des résultats
% des personnes avec chaque résultat
Percentile par nombre de réponses
Votre historique - résultats
Vous n’avez pas pris ce quiz